• 首页
  • 本馆介绍
  • 公告通知
  • 最新文献
  • 馆藏检索
  • 电子资源
  • 读者导购
  • 参考咨询
  • 我的图书馆
  • 登录
  • 详细信息显示
  • 放入我的书架
  • 预约/预借图书
  • 作者相关作品
  • 分类相关作品
  • 丛书相关作品
  • 出版社相关作品

书目信息

  • 表格格式
  • 工作单格式
  • 卡片格式
题名:
日本学前教育
    
 
作者: 李永连 编
分册:  
出版信息: 北京   人民教育出版社  1991.2
页数: 285页
开本: 20cm
丛书名:
单 册:
中图分类: G531.39
科图分类:
主题词: 学前教育--教育史--日本
电子资源:
ISBN: 7-107-10702-X
000 00661cam0 2200217 450
001 1569398389
005 20150201132127.75
010    @a7-107-10702-X@dCNY3.30
100    @a19910730d1991 ekmy0chiy0110 ea
101 0  @achi
102    @aCN@b110000
105    @ay z 000yy
200 1  @a日本学前教育@9ri ben xue qian jiao yu@f李永连编
210    @a北京@c人民教育出版社@d1991.2
215    @a285页@d20cm
330    @a本书介绍了近代日本学前教育制度的形成与发展、战后日本学前教育的体系化及其迅速发展。
606 0  @a学前教育@x教育史@y日本
690    @aG531.39@v5
701  0 @a李永连@9li yong lian@4编
801  0 @aCN@bTSSF@c20150201
905    @aZUCC@dG531.39@eJY1
    
    日本学前教育/李永连编.-北京:人民教育出版社,1991.2
    285页;20cm
    
    
    ISBN 7-107-10702-X:CNY3.30
    本书介绍了近代日本学前教育制度的形成与发展、战后日本学前教育的体系化及其迅速发展。
●
相关链接 在E读中查询图书 在五车中查询图书 在当当中查询图书 在豆瓣中查询图书


正题名:日本学前教育     索取号:G531.39/JY1         预约/预借

序号 登录号 条形码 馆藏地/架位号 状态 备注
1 7846684   278466848   学院路分馆/ [索取号:G531.39/JY1] 在馆    
2 7861189   278611897   学院路分馆/ [索取号:G531.39/JY1] 在馆    
唐山师范学院图书馆 欢迎您!
大连网信软件有限公司© 版权所有